Представление документа в формате RUSMARC

ПолеНазваниеЗначение
  Тип записи a
  Библиографический уровень m
001 Контрольный номер 7f04146f56e34622ba67431ceae1cb96
005 Дата корректировки 20140604100926.3
010 Индекс ISBN __
a ISBN 978-5-94938-067-3
101 Язык документа 0_
a Язык текста rus
102 Страна публикации __
a Страна публикации RU
200 Заглавие и сведения об ответственности 1_
a Заглавие От качества к совершенству. Полезная модель EFQM
f Первые сведения об ответственности Д. В. Маслов
210 Выходные данные 1_
c Издательство Стандарты и качество
a Место издания М.
d Дата издания 2008
215 Физическое описание __
a Объем 150, [2] с.
225 Серия 2_
a Серия Деловое совершенство
610 Ключевые слова 0_
a Ключевые слова менеджмент
610 Ключевые слова 0_
a Ключевые слова организационная деятельность
610 Ключевые слова 0_
a Ключевые слова EFQM
610 Ключевые слова 0_
a Ключевые слова европейский фонд управления качеством
610 Ключевые слова 0_
a Ключевые слова европейская стратегия совершенствования
610 Ключевые слова 0_
a Ключевые слова бенчмаркинг
686 Индексы других классификаций __
a Классификационный индекс 65.050.9(2)24
2 Код системы rubbk
700 Автор _1
a Фамилия Маслов
b Имя Д. В.
g Полное личное имя Дмитрий Владимирович
801 Источник записи _0
a Страна RU
b Организация РУК
c Дата составления 20080204
g Правила каталогизации PSBO
801 Источник записи _1
a Страна RU
b Организация РУК
c Дата составления 20080204
g Правила каталогизации PSBO
852 Данные о местонахождении __
j Шифр хранения ББК 65.050
i Авторский знак М 31
901 Тип документа __
t Тип документа m
938 Служебная информация __
a Название организации Головной вуз
b Имя БД BOOK
c Название АИБС АИБС ИРБИС